Statistiche per Bandiere del mondo in bianco e nero - Quiz n°1

Clicka qui per fare il quiz!

Statistiche generali

  • Questo quiz è stato fatto 22 volte
  • Il punteggio medio è 12 su 16

Statistiche sulle risposte

Risposta% Corretto
Grecia
100%
Bangladesh
90%
Finlandia
90%
Liechtenstein
90%
Spagna
90%
Argentina
85%
Singapore
85%
Burundi
80%
Kirghizistan
80%
Russia
80%
São Tomé e Príncipe
80%
Guinea Equatoriale
75%
Tagikistan
75%
Gibuti
70%
Mali
50%
Bolivia
20%

Distribuzione punteggi

Percentile per numero di risposta

Percentuale di utenti per punteggio

I tuoi punteggi nel tempo

Non hai fatto questo quiz